Tesoro breve de las letras hispánicas / (Record no. 129294)
[ view plain ]
| 000 -LEADER | |
|---|---|
| campo de control de longitud fija | 01627nam a2200325 i 4500 |
| 001 - NÚMERO DE CONTROL | |
| campo de control | 129294 |
| 003 - IDENTIFICADOR DE NÚMERO DE CONTROL | |
| campo de control | ES-MaACL |
| 005 - FECHA Y HORA DE LA ÚLTIMA TRANSACCIÓN | |
| campo de control | 20250802062553.0 |
| 007 - CAMPO FIJO DE DESCRIPCIÓN FÍSICA--INFORMACIÓN GENERAL | |
| campo de control de longitud fija | t| |
| 008 - DATOS DE LONGITUD FIJA--INFORMACIÓN GENERAL | |
| campo de control de longitud fija | 070612m19681974sp |||| | spa d |
| 080 ## - NÚMERO DE LA CLASIFICACIÓN DECIMAL UNIVERSAL | |
| Número de la Clasificación Decimal Universal | 821.134.2(082.2) |
| 080 ## - NÚMERO DE LA CLASIFICACIÓN DECIMAL UNIVERSAL | |
| Número de la Clasificación Decimal Universal | 821.134.2(7/8)(082.2) |
| 245 00 - MENCIÓN DEL TÍTULO | |
| Título | Tesoro breve de las letras hispánicas / |
| Mención de responsabilidad, etc. | [selección por] Guillermo Díaz-Plaja |
| 260 ## - PUBLICACIÓN, DISTRIBUCIÓN, ETC. | |
| Lugar de publicación, distribución, etc. | Madrid : |
| Nombre del editor, distribuidor, etc. | Emesa [Magisterio Español], |
| Fecha de publicación, distribución, etc. | [1968-1974] |
| 300 ## - DESCRIPCIÓN FÍSICA | |
| Extensión | 11 volúmenes ; |
| Dimensiones | 18 cm |
| 490 1# - MENCIÓN DE SERIE | |
| Mención de serie | Novelas y cuentos |
| RLIN | 179596 |
| 505 0# - NOTA DE CONTENIDO CON FORMATO | |
| Nota de contenido con formato | Serie castellana: I. De las jarchas a Juan del Encina - II. De La Celestina a Cervantes - III. De Lope de Vega a Gracián - IV. De Feijoo a Bécquer - V. De Fernán Caballero a Miguel Hernández - Serie mosaico español: VI. Literatura vasca - VII. Literatura gallega - VIII. Literaturas catalana, valenciana y balear - Serie Ultramar: IX. Literatura hispanoamericana: De Colón a Sor Juana Inés de la Cruz - Serie Ultramar 2: X. Neoclasicismo. Romanticismo. Costumbrismo - Serie Ultramar 3: XI. Pensamiento. Realismo. Modernismo |
| 650 #7 - PUNTO DE ACCESO ADICIONAL DE MATERIA--TÉRMINO DE MATERIA | |
| Término de materia o nombre geográfico como elemento de entrada | Literatura española |
| Fuente del encabezamiento o término | embne |
| 9 (RLIN) | 14539 |
| 650 #7 - PUNTO DE ACCESO ADICIONAL DE MATERIA--TÉRMINO DE MATERIA | |
| Término de materia o nombre geográfico como elemento de entrada | Literatura vasca |
| 9 (RLIN) | 172773 |
| Fuente del encabezamiento o término | embne |
| 650 #4 - PUNTO DE ACCESO ADICIONAL DE MATERIA--TÉRMINO DE MATERIA | |
| Término de materia o nombre geográfico como elemento de entrada | Literatura gallega. |
| 9 (RLIN) | 172774 |
| 650 #7 - PUNTO DE ACCESO ADICIONAL DE MATERIA--TÉRMINO DE MATERIA | |
| Término de materia o nombre geográfico como elemento de entrada | Literatura catalana |
| Fuente del encabezamiento o término | embne |
| 9 (RLIN) | 172775 |
| 650 #7 - PUNTO DE ACCESO ADICIONAL DE MATERIA--TÉRMINO DE MATERIA | |
| Término de materia o nombre geográfico como elemento de entrada | Literatura valenciana |
| Fuente del encabezamiento o término | embne |
| 9 (RLIN) | 172776 |
| 650 #7 - PUNTO DE ACCESO ADICIONAL DE MATERIA--TÉRMINO DE MATERIA | |
| Término de materia o nombre geográfico como elemento de entrada | Literatura hispanoamericana |
| Fuente del encabezamiento o término | embne |
| 9 (RLIN) | 14602 |
| 700 1# - ENTRADA AGREGADA--NOMBRE PERSONAL | |
| Nombre de persona | Díaz-Plaja, Guillermo, |
| Fechas asociadas al nombre | 1909-1984 |
| Término indicativo de función/relación | Editor literario |
| 9 (RLIN) | 162428 |
| 830 #0 - PUNTO DE ACCESO ADICIONAL DE SERIE-TÍTULO UNIFORME | |
| Título uniforme | Novelas y cuentos |
| 9 (RLIN) | 179596 |
| 852 ## - LOCALIZACIÓN | |
| Ubicación | ES-MaACL |
| Ubicación en estantería | Depósito 2 |
| Número de control de estantería | P-1351 |
| 942 ## - ELEMENTOS DE ENTRADA SECUNDARIOS (KOHA) | |
| Fuente del sistema de clasificación o colocación | Clasificación decimal universal |
| Tipo de ítem Koha | Libro impreso |
| Suprimir en OPAC | No |
| Estatus retirado | Estado de pérdida | Estado de daño | No para préstamo | Biblioteca de origen | Biblioteca actual | Ubicación en estantería | Fecha de adquisición | Fuente de adquisición | Total de préstamos | Signatura topográfica completa | Código de barras | Visto por última vez | Precio de reemplazo | Tipo de ítem Koha |
|---|---|---|---|---|---|---|---|---|---|---|---|---|---|---|
| Biblioteca del Ateneo de Madrid | Biblioteca del Ateneo de Madrid | Depósito 2 | 17/01/2008 | P-1351 | 1134644 | 23/02/2023 | 23/02/2023 | Libro impreso |
